000 00645nam a2200217 u 4500
005 20240517063654.0
008 160609s2010 r 000 0 eng d
020 _a9786071604316
035 _aUPN01000211313
049 _aI
050 4 _aPZ75
_bF3.6
100 1 _aFarr, Jonathan
_938965
245 1 1 _a¿Por qué no vas al baño? /
_cJonathan Farr.
260 _aMéxico :
_bFCE,
_c2010.
300 _a[30] p. :
_bprincipalmente il. col.
440 4 _aLos especiales de A la orilla del viento
650 4 _aLibros y lectura para niños
_92290
650 4 _aMiedo
_vLiteratura infantil
_912306
905 _aInfantil
999 _c183414
_d183414